50 teorías políticas apasionantes y significativas (Registro nro. 182774)

Detalles MARC
000 -ENCABEZADO
Número de control [NR] 01045 a2200289 4500
005 - FECHA Y HORA DE LA ÚLTIMA TRANSACCIÓN
control field 20150217065346.0
008 - DE LONGITUD FIJA DE DATOS DE ELEMENTOS - INFORMACIÓN GENERAL
Elementos de longitud fija [NR] 131203s2011 sp a frn 001 0 spa d
020 ## - NUMERO INTERNACIONAL NORMALIZADO PARA LIBROS [R]
Número Internacional Normalizado del libro [NR] 9788498015591
040 ## - FUENTE DE CATALOGACION [NR]
Agencia de catalogación original [NR] Co-BoUCM
Idioma de catalogación [NR] spa
Quien Cataloga Jose A. Gerena (modificó)
Quien Clasifica Diana Londoño
041 00 - CODIGO DE IDIOMA [R]
Código de idioma para texto/pista de sonido o título separado [R] Español
245 00 - MENCION DE TITULO [NR]
Título [NR] 50 teorías políticas apasionantes y significativas
Mención de responsabilidad, etc. [NR] Steven L. Taylor...[y otros.]
246 ## - FORMA VARIANTE DEL TITULO [R]
Título propiamente dicho/forma breve del título [NR] Cincuenta teorías políticas
Parte restante del título [NR] apasionantes y significativas
260 ## - PUBLICACION, DISTRIBUCION, ETC. (PIE DE IMPRENTA) [R]
Lugar de publicación, distribución, etc. [R] Barcelona (España)
Nombre del editor, distribuidor, etc. [R] Blume
Fecha de publicación, distribución, etc. [R] 2011
300 ## - DESCRIPCION FISICA [R]
Extensión [R] 159 páginas
Otros detalles físicos [NR] ilustraciones
490 ## - MENCION DE SERIE [R]
Mención de serie [R] Guía Breve
504 ## - NOTA DE BIBLIOGRAFIA, ETC. [R]
Nota de bibliografía, etc. [NR] Incluye referencias bibliográficas e índices
650 #7 - ASIENTO SECUNDARIO DE MATERIA - TERMINO TEMATICO [R]
9 (RLIN) 15841
Término temático o nombre geográfico como elemento de entrada [NR] Filosofía política
650 #7 - ASIENTO SECUNDARIO DE MATERIA - TERMINO TEMATICO [R]
9 (RLIN) 25330
Término temático o nombre geográfico como elemento de entrada [NR] Teoría política
690 ## - ASUNTO AGREGADO LOCAL DE ENTRADA - TÉRMINO TEMÁTICO (OCLC, RLIN)
9 (RLIN) 42754
Acceso temático local Ciencia política
700 1# - ASIENTO SECUNDARIO - NOMBRE PERSONAL [R]
Nombre personal [NR] Bailey, Michael
9 (RLIN) 51950
700 1# - ASIENTO SECUNDARIO - NOMBRE PERSONAL [R]
Nombre personal [NR] Blum, Elizabeth
9 (RLIN) 51951
700 1# - ASIENTO SECUNDARIO - NOMBRE PERSONAL [R]
Nombre personal [NR] Davis, G. Doug
9 (RLIN) 51952
700 1# - ASIENTO SECUNDARIO - NOMBRE PERSONAL [R]
Nombre personal [NR] Taylor, Steven L.
9 (RLIN) 51949
765 1# - ASIENTO DE IDIOMA ORIGINAL [R]
Título [NR] 30 - Second politics
942 ## - ELEMENTOS DE ENTRADA AGREGADOS (KOHA)
Tema principal Generalidades
Tipo de ítem principal el descrito en 300a Libro
Edición 1
Parte restante de la signatura top. T314t
Sistema de clasificación DEWEY
Clasificación 320.01
Existencias
Fecha de último préstamo Total préstamos Total Renewals Signatura topográfica Código de barras Última vez visto Ejemplar Costo de reposición Price effective from Tipo de ítem Perdido Sistema de clasificación Dañado No prestable Tipo de ítem específico Suprimido Ubicación habitual Ubicación actual Localización Fecha de creación Proveedor Forma de adquisición Costo
11/05/2019 6 11 320.01 T314t 100137917 05/06/2024 Ej.1 42300.00 05/11/2013 Libro   DEWEY     Libro   Bodega Bodega 3er piso 05/11/2013 15 Compra 42300.00